[Event "Zhukovsky op"]
[Site "Zhukovsky"]
[Date "2008.??.??"]
[Round "7"]
[White "Orekhovsky, Vasily"]
[Black "Kazankov, Andrey"]
[Result "0-1"]
[WhiteElo "2029"]
[BlackElo "2130"]
[PlyCount "100"]
[EventDate "2008.08.22"]
[EventType "swiss"]
[EventRounds "9"]
[EventCountry "RUS"]
[SourceTitle "CBM 126 Extra"]
[Source "ChessBase"]
[SourceDate "2008.11.05"]
[SourceVersion "1"]
[SourceVersionDate "2008.11.05"]
[SourceQuality "1"]

1. e4 e6 2. d4 d5 3. e5 c5 4. c3 Nc6 5. Nf3 Bd7 6. a3 c4 7. b4 cxb3 8. Qxb3 Na5 9. Qb2 Qc7 10. Bb5 Nc4 11. Bxc4 dxc4 12. 0-0 Ba4 13. Nbd2 Qc6 14. Re1 Ne7 15. Ne4 Nd5 16. Rb1 0-0-0 17. Nc5 Bxc5 18. dxc5 Rd7 19. Nd2 Qxc5 20. Ne4 Qc6 21. Be3 b6 22. f3 f6 23. Nc5 Re7 24. Nxa4 Qxa4 25. Bc5 Ree8 26. Bd4 f5 27. Qb5 Qxb5 28. Rxb5 Kc7 29. Reb1 Rb8 30. a4 a6 31. Rxd5 exd5 32. e6 Kd6 33. Re1 Rbe8 34. Bxg7 Rhg8 35. Bd4 Rxe6 36. Rxe6+ Kxe6 37. Bxb6 Rb8 38. a5 Kd6 39. Kf2 Kc6 40. Bd4 Rb5 41. Kg3 Kd7 42. Kf4 Ke6 43. g4 fxg4 44. Kxg4 Rxa5 45. f4 Rb5 46. f5+ Kf7 47. Kf4 a5 48. Be5 a4 49. Bd6 Rb3 50. Ke5 a3 0-1